[Event "Schacholympiade 2008"]
[Site "Dresden"]
[Date "2008.11.19"]
[Round "6"]
[White "Gashimov, Vugar"]
[Black "Sargissian, Gabriel"]
[Result "1/2-1/2"]
[WhiteElo "2703"]
[BlackElo "2642"]
[PlyCount "178"]
[EventDate "2008.11.12"]
[WhiteTeam "Aserbeidschan"]
[BlackTeam "Armenien"]
[WhiteTeamCountry "AZE"]
[BlackTeamCountry "ARM"]

1. e4 e5 2. Nf3 Nc6 3. Bb5 a6 4. Ba4 Nf6 5. O-O Be7 6. Re1 b5 7. Bb3 O-O 8. h3
Bb7 9. d3 d5 10. exd5 Nxd5 11. Nxe5 Nd4 12. Nd2 c5 13. c3 Nxb3 14. Nxb3 Re8 15.
a4 Nf6 16. Bg5 Bf8 17. axb5 axb5 18. Rxa8 Bxa8 19. Nd2 h6 20. Bxf6 Qxf6 21.
Nef3 Rd8 22. Re3 Bb7 23. d4 cxd4 24. cxd4 Qf5 25. Qe2 Bd6 26. Re8+ Rxe8 27.
Qxe8+ Kh7 28. Qe2 Bf4 29. Nf1 b4 30. Ne1 Bg5 31. Ne3 Qe4 32. Qd3 Bf6 33. d5
Qxd3 34. Nxd3 Kg8 35. b3 Be7 36. Nf5 Kf8 37. d6 Bf6 38. Nc5 Bc6 39. d7 h5 40.
Nd4 Ba8 41. Nc2 Ke7 42. Nxb4 Bd4 43. Nbd3 Bc6 44. Kf1 Bb5 45. Ke1 Bc6 46. f3 h4
47. Kd2 Bb5 48. b4 Kd8 49. Nb3 Bg1 50. Nbc5 Bd4 51. Nf4 Bxc5 52. bxc5 Kxd7 53.
Nd3 Kc6 54. Ne5+ Kxc5 55. Nxf7 Kd5 56. Ke3 Ke6 57. Ng5+ Kf5 58. f4 Kg6 59. Nf3
Kh5 60. Kf2 Bc6 61. Nd4 Be4 62. Ne2 Bb7 63. Nd4 Be4 64. Nf3 Bd3 65. Nd2 Ba6 66.
Ke3 Bb7 67. Nf3 Ba6 68. Kd4 Bf1 69. Ne1 Kh6 70. Ke5 Kh5 71. Ke6 Bc4+ 72. Kf5
Bf1 73. Ke5 Kh6 74. f5 Kg5 75. Nf3+ Kh5 76. Ne1 Kg5 77. Ke4 Ba6 78. Nf3+ Kh5
79. Kf4 Bb7 80. Ke5 Ba6 81. Nd2 Bb7 82. Ne4 Kh6 83. Kf4 Kh5 84. f6 gxf6 85.
Nxf6+ Kg6 86. Ne4 Ba8 87. Nd6 Bxg2 88. Nf5 Bxh3 89. Nxh4+ Kf6 1/2-1/2

[Event "Schacholympiade 2008"]
[Site "Dresden"]
[Date "2008.11.21"]
[Round "8"]
[White "Bacrot, Etienne"]
[Black "Aronian, Levon"]
[Result "1/2-1/2"]
[WhiteElo "2705"]
[BlackElo "2757"]
[PlyCount "99"]
[EventDate "2008.11.12"]
[WhiteTeam "Frankreich"]
[BlackTeam "Armenien"]
[WhiteTeamCountry "FRA"]
[BlackTeamCountry "ARM"]

1. e4 e5 2. Nf3 Nc6 3. Bb5 a6 4. Ba4 Nf6 5. O-O Be7 6. Re1 b5 7. Bb3 O-O 8. c3
d5 9. exd5 Nxd5 10. Nxe5 Nxe5 11. Rxe5 c6 12. d3 Bd6 13. Re1 Bf5 14. Qf3 Qh4
15. g3 Qh3 16. Bxd5 cxd5 17. Qxd5 Rad8 18. Qg2 Qxg2+ 19. Kxg2 Bxd3 20. Be3 Be4+
21. Kf1 Bc6 22. Nd2 f6 23. Bd4 Rfe8 24. Re2 Kf7 25. Rae1 Rxe2 26. Kxe2 Re8+ 27.
Kd1 Rxe1+ 28. Kxe1 Ke6 29. Ke2 h5 30. Ke3 g5 31. Ne4 Be7 32. Nc5+ Bxc5 33. Bxc5
a5 34. a4 bxa4 35. Kd4 h4 36. gxh4 gxh4 37. Bb6 h3 38. Bxa5 f5 39. Bc7 Bf3 40.
Kc5 Kd7 41. Bg3 Bc6 42. Kb4 Ke6 43. c4 Kd7 44. Ka5 Ke6 45. Kb6 Kd7 46. Bf4 Bf3
47. Bd2 Bc6 48. Kc5 Bg2 49. Kd4 Ke6 50. Ke3 1/2-1/2

[Event "Schacholympiade 2008"]
[Site "Dresden"]
[Date "2008.11.22"]
[Round "9"]
[White "Roiz, Michael"]
[Black "Akopian, Vladimir"]
[Result "1/2-1/2"]
[WhiteElo "2677"]
[BlackElo "2679"]
[PlyCount "261"]
[EventDate "2008.11.12"]
[WhiteTeam "Israel"]
[BlackTeam "Armenien"]
[WhiteTeamCountry "ISR"]
[BlackTeamCountry "ARM"]

1. Nf3 d5 2. d4 Nf6 3. c4 c6 4. e3 Bf5 5. Nc3 e6 6. Nh4 Bg6 7. Be2 Nbd7 8. O-O
Bd6 9. g3 O-O 10. Nxg6 hxg6 11. Qb3 Rb8 12. Rd1 Qe7 13. Qc2 dxc4 14. Bxc4 Rbd8
15. Bd2 c5 16. dxc5 Bxc5 17. Be2 Nb6 18. Rac1 Rc8 19. Qb3 Rfd8 20. Bf3 Bb4 21.
Be1 Rxd1 22. Rxd1 Bc5 23. Bg2 Qc7 24. a4 Nbd7 25. a5 Qxa5 26. Nd5 Qd8 27. Nxf6+
gxf6 28. Qxb7 Rc7 29. Ba5 Bb6 30. Bxb6 axb6 31. Qxb6 Nxb6 32. Rxd8+ Kg7 33. Rd1
Rc2 34. Rb1 Nc4 35. b4 Nd2 36. Rd1 Rb2 37. Bc6 f5 38. b5 Ne4 39. Bxe4 fxe4 40.
Rd4 Rb1+ 41. Kg2 Rxb5 42. Rxe4 Ra5 43. h4 Rb5 44. g4 Ra5 45. Rb4 Rc5 46. Rb7
Rc4 47. Kg3 Rc1 48. Rb5 Rg1+ 49. Kf4 Rh1 50. h5 gxh5 51. Rxh5 Ra1 52. Rg5+ Kh6
53. Rg8 Kh7 54. Rb8 Ra5 55. Kg3 Ra3 56. Rb5 Kg6 57. Re5 Ra1 58. f4 Kg7 59. Rg5+
Kf8 60. Rc5 Kg7 61. Kf3 Ra4 62. Rg5+ Kf8 63. Rb5 Kg7 64. Rb3 Kg6 65. Rd3 Kg7
66. Rd4 Ra5 67. Rc4 Kg6 68. Rc3 Ra1 69. Rc6 Kg7 70. g5 Ra3 71. Ke4 Ra5 72. Rb6
Kg6 73. Kf3 Ra3 74. Rb1 Kg7 75. Rg1 Kg6 76. Rh1 Kg7 77. Rh3 Ra4 78. Rh6 Ra3 79.
Rf6 Rb3 80. Ke4 Rb5 81. Kd4 Rd5+ 82. Kc4 Ra5 83. e4 Ra4+ 84. Kd3 Ra3+ 85. Kd4
Ra4+ 86. Ke3 Ra3+ 87. Kf2 Ra4 88. e5 Ra2+ 89. Ke3 Ra3+ 90. Kd4 Ra4+ 91. Kc5
Ra5+ 92. Kb4 Rd5 93. Kc4 Ra5 94. Kb3 Rb5+ 95. Kc3 Rc5+ 96. Kd4 Rd5+ 97. Ke4 Ra5
98. g6 Ra4+ 99. Kf3 fxg6 100. Rxe6 Ra1 101. Re7+ Kf8 102. Rb7 Re1 103. Rb4 Kf7
104. Kf2 Ra1 105. Ke3 Rd1 106. Ke4 Re1+ 107. Kd5 Rd1+ 108. Rd4 Ra1 109. Kc6
Ra6+ 110. Kb5 Ra1 111. Rd7+ Ke6 112. Rd6+ Kf7 113. Kc6 Ra6+ 114. Kd5 Ra5+ 115.
Ke4 Ra4+ 116. Rd4 Ra1 117. Rd7+ Ke6 118. Rd6+ Kf7 119. Rf6+ Kg7 120. f5 Ra4+
121. Ke3 gxf5 122. Rxf5 Kg6 123. Rf6+ Kg7 124. Rf1 Rb4 125. Kd3 Ra4 126. e6 Ra6
127. Re1 Kf8 128. e7+ Ke8 129. Kc4 Ra7 130. Kc5 Rxe7 131. Rxe7+ 1/2-1/2